<?xml version="1.0" encoding="UTF-8"?><?xml-stylesheet type="text/xsl" href="static/style.xsl"?><OAI-PMH xmlns="http://www.openarchives.org/OAI/2.0/" xmlns:xsi="http://www.w3.org/2001/XMLSchema-instance" xsi:schemaLocation="http://www.openarchives.org/OAI/2.0/ http://www.openarchives.org/OAI/2.0/OAI-PMH.xsd"><responseDate>2026-04-14T08:39:35Z</responseDate><request verb="GetRecord" identifier="oai:www.recercat.cat:2099.1/12303" metadataPrefix="marc">https://recercat.cat/oai/request</request><GetRecord><record><header><identifier>oai:recercat.cat:2099.1/12303</identifier><datestamp>2025-07-22T21:43:02Z</datestamp><setSpec>com_2072_1033</setSpec><setSpec>col_2072_452951</setSpec></header><metadata><record xmlns="http://www.loc.gov/MARC21/slim" xmlns:dcterms="http://purl.org/dc/terms/" xmlns:xsi="http://www.w3.org/2001/XMLSchema-instance" xmlns:doc="http://www.lyncode.com/xoai" xsi:schemaLocation="http://www.loc.gov/MARC21/slim http://www.loc.gov/standards/marcxml/schema/MARC21slim.xsd">
   <leader>00925njm 22002777a 4500</leader>
   <datafield ind2=" " ind1=" " tag="042">
      <subfield code="a">dc</subfield>
   </datafield>
   <datafield ind2=" " ind1=" " tag="720">
      <subfield code="a">García Huerta, Víctor</subfield>
      <subfield code="e">author</subfield>
   </datafield>
   <datafield ind2=" " ind1=" " tag="260">
      <subfield code="c">2011-04</subfield>
   </datafield>
   <datafield ind2=" " ind1=" " tag="520">
      <subfield code="a">El Proyecto Final de Carrera “Diseño de moldes para soldadura robotizada en el armado de&#xd;
dovelas” se desarrolla en la sección de I+D de la empresa “Ferrobérica S.L.”, firma líder en&#xd;
el sector, con sede en la provincia de Barcelona. El proyecto consiste en la caracterización&#xd;
de un sistema que permita la automatización del proceso de producción del armado&#xd;
metálico para piezas de hormigón como las utilizadas en el reforzamiento de túneles.&#xd;
El trabajo se centra, para su cuantificación, en una estructura concreta, si bien se pretende&#xd;
facilitar que el análisis sea extensible al resto de las unidades que conforman la totalidad de&#xd;
las dovelas en cualquier aplicación específica.&#xd;
Se presenta la solución adoptada para diversas problemáticas surgidas en relación a las&#xd;
funciones que debe desempeñar el equipamiento objeto de estudio. En concreto, la&#xd;
instalación proyectada debe unir diferentes elementos preformados simples para generar la&#xd;
geometría compleja de la pieza final y permitir su soldadura eléctrica mediante robots.&#xd;
A partir de los resultados obtenidos de manera independiente para cada una de las partes,&#xd;
se realiza un análisis del funcionamiento conjunto. Se presta, pues, especial atención al&#xd;
comportamiento dinámico de la herramienta desarrollada, así como a la respuesta&#xd;
individual de sus componentes.&#xd;
En el proyecto se dan las pautas mínimas para la utilización del objeto desarrollado,&#xd;
dejando la libertad necesaria para adaptar la línea de producción y otros aspectos&#xd;
relacionados, con las instalaciones del usuario final.&#xd;
El objetivo último del proyecto se resume en la identificación del diseño más adecuado,&#xd;
considerando los criterios de economía, fiabilidad y productividad. Siempre sin olvidar el&#xd;
importante papel a jugar por los aspectos vinculados con el medio ambiente,&#xd;
tradicionalmente relegados a un segundo plano por muchos campos de la producción&#xd;
industrial.&#xd;
Alcanzado el diseño buscado, se describe pormenorizadamente su consecución material y&#xd;
la puesta en producción del sistema.</subfield>
   </datafield>
   <datafield tag="653" ind2=" " ind1=" ">
      <subfield code="a">Àrees temàtiques de la UPC::Enginyeria mecànica::Fabricació</subfield>
   </datafield>
   <datafield tag="653" ind2=" " ind1=" ">
      <subfield code="a">Àrees temàtiques de la UPC::Enginyeria mecànica::Processos de fabricació mecànica::Màquines i mecanismes</subfield>
   </datafield>
   <datafield tag="653" ind2=" " ind1=" ">
      <subfield code="a">Àrees temàtiques de la UPC::Enginyeria dels materials::Metal·lúrgia::Metal·lografia</subfield>
   </datafield>
   <datafield tag="653" ind2=" " ind1=" ">
      <subfield code="a">Welding -- Automation</subfield>
   </datafield>
   <datafield tag="653" ind2=" " ind1=" ">
      <subfield code="a">Reinforced concrete -- Manufacturing processes</subfield>
   </datafield>
   <datafield tag="653" ind2=" " ind1=" ">
      <subfield code="a">Soldadura -- Automatització</subfield>
   </datafield>
   <datafield tag="653" ind2=" " ind1=" ">
      <subfield code="a">Motlles -- Disseny  i construcció</subfield>
   </datafield>
   <datafield tag="653" ind2=" " ind1=" ">
      <subfield code="a">Formigó armat –- Fabricació</subfield>
   </datafield>
   <datafield ind2="0" ind1="0" tag="245">
      <subfield code="a">Diseño de moldes para soldadura robotizada en el armado de dovelas</subfield>
   </datafield>
</record></metadata></record></GetRecord></OAI-PMH>